000 00334nam a2200145Ia 4500
005 20251222144626.0
008 251222s9999||||xx |||||||||||||| ||spa||
020 _a8474322669
082 _a809.911.3/L95
100 _aLyotard, Jean-Francois
245 0 _aLa Posmodernidad:
250 _a5ta.ed.
264 _bGedisa
942 _cLIB
999 _c16109
_d16109